00819nam a2200205 a 450000100100000000500170001000800410002704000250006808200180009310000320011124500580014326000690020130000200027049000640029065000400035483000710039404900090046595201220047499900170059600001152120200929162459.0091019s1968 mx 000 0 spa d aDO-SdBNPbspacBNPHU a924.87bB446H1 aHernández, Ignacio92725110aAndrés bello :b(1781-1856) /cIgnacio Hernández. aMéxico, D. F. :bSecretaría de Educación Pública,c1968. a60 p. ;c17 cm.1 aCuadernos de lectura popularaEl hombre en la historiav158 4aBello, andrés,y1781-1865.927252 3pEl hombre en la historiaaCuadernos de lectura popularv158927253 aBNGR 001052708MOaGRbGRcCTd2009-10-19iLF1l0o924.87 B446Hp11521-10r2020-06-25w2020-06-25y2ZPréstamo interno c11218d11218